| 000 | 00802cam a2200241 a 4500 | ||
|---|---|---|---|
| 999 |
_c924 _d924 |
||
| 001 | 3788 | ||
| 003 | BD-DhUAP | ||
| 005 | 20200129104406.0 | ||
| 008 | 961003s1997 nyua bf 001 0 eng | ||
| 020 | _a0471155179 | ||
| 040 |
_aDLC _cDLC _dBD-DhUAP _bEng |
||
| 082 | 0 | 0 |
_a658.022 BIS _223 |
| 100 | 1 | _aBisk, Leonard. | |
| 245 | 1 | 0 |
_aEntrepreneur magazine : _bguide to professional services / _cLeonard Bisk. |
| 260 |
_aNew York : _bWiley, _cc1997. |
||
| 300 |
_axx, 294 pages : _billustrations ; _c24 cm. |
||
| 490 | _aThe Entrepreneur magazine small business series | ||
| 504 | _aIncludes bibliographical references (p. 285-288) and index. | ||
| 650 | 0 |
_aSmall business _xManagement _vHandbooks, manuals, etc. |
|
| 650 | 0 | _aBusiness consultants. | |
| 650 | 0 | _aIndustrial procurement. | |
| 942 |
_2ddc _cBK |
||